000 00615nam a2200181Ia 4500
008 090123s9999 xx 000 0 und d
082 _b4981
_a891.463/देवकुळे
100 _aदेवकुळे जयंत ग.
245 _aकनक आणि कामिनी
250 _a1
260 _bविशाखा प्रकाशन
_c1978
300 _a173
600 _aदेवकुळे जयंत ग.
630 _aकनक आणि कामिनी
700 _aदेवकुळे जयंत ग.
730 _aकनक आणि कामिनी
942 _cBOOK
999 _c43056
_d43056